000 00797cam a22002055a 4500
001 L155382
008 120320s1776 xxk f 000 0 eng d
035 _a(Sirsi) u155382
041 0 _aeng
100 1 _aArmstrong, Mostyn John
245 0 3 _aAn actual survey of the great post-roads between London and Edinburgh
_bby Mostyn John Armstrong, Geor.
260 _aLondon
_bprinted for, and sold by the author and the booksellers
_c1776
300 _a[4], 6, [2] p., 44 leaves, plates
_bmaps
_c12o
520 _aThe titlepage is engraved.
520 _a44 engraved road maps, and a frontispiece road map, with 44 leaves of letterpress description.
583 _aCondition reviewed
_c20120620
_lcondition level 1
651 4 _aGreat Britain
_y1707-
690 _aInfrastructure
_96246
942 _n0
999 _c113525
_d113525